| 000 | 00551nam a2200181Ia 4500 | ||
|---|---|---|---|
| 005 | 20250423100409.0 | ||
| 008 | 250422s9999 xx 000 0 und d | ||
| 020 | _a9780393320268 | ||
| 050 | _aPS 3554.O884 .D68/ | ||
| 100 | _aDove, Rita. | ||
| 245 | 0 | _aOn the bus with Rosa Parks : poems | |
| 260 | _aNew York | ||
| 260 | _bNorton | ||
| 260 | _c1999 | ||
| 300 | _a95 p | ||
| 650 | _aAfrican American women civil rights workers--Poetry. Civil rights movements--Poetry. African American women--Poetry. African Americans--Poetry. | ||
| 942 | _cBK | ||
| 999 |
_c33179 _d33179 |
||